| 000 | 00365nam a2200133Ia 4500 | ||
|---|---|---|---|
| 008 | 220613s9999||||xx |||||||||||||| ||und|| | ||
| 100 | _aRebecca G Rogers | ||
| 245 | 0 | _aFemale Pelvic medicine and Reconstructive surgery clinical practice and surgical Atlas | |
| 250 | _a1st(2013) | ||
| 260 | _bMc Graw Hill | ||
| 300 | _a631 | ||
| 650 | _aObs & Gyne | ||
| 942 | _cSURG | ||
| 999 |
_c9530 _d9530 |
||